000
00309nam a22001217a 4500
008
230612b xxu||||| |||| 00| 0 eng d
082
_a
352.4
_b
KEN
245
_a
Supplementary Estimates II (Recurrent Expenditure)
260
_a
Nairobi,Kenya
_b
GOK
_c
2017
300
_a
VI,641p
440
_v
II
942
_2
ddc
_c
BK
999
_c
1131
_d
1131